| 000 | 00699nam a2200229Ia 4500 | ||
|---|---|---|---|
| 005 | 20230330110722.0 | ||
| 008 | 131103s9999 xx 000 0 und d | ||
| 020 |
_a876921012 _c10.00 |
||
| 040 | _aLoreto College | ||
| 041 | _aEnglish | ||
| 082 |
_a822.9109 _bBRO |
||
| 245 |
_aModern British dramatist _bA collection of critical essays _cedited by John Russell Brown |
||
| 260 |
_aNew Delhi _bPrentice-Hall _c1980 |
||
| 300 | _aix,179 p. | ||
| 440 | _aTwentieth century views | ||
| 504 | _aIncludes bibliographical references | ||
| 650 | _aEnglish Drama | ||
| 651 | _a20th Century - Drama - History and Criticism | ||
| 700 |
_aBrown, John Russell _4ed. |
||
| 850 | _aLCLIB | ||
| 942 | _cBK | ||
| 999 |
_c6609 _d57088 |
||